000 00460nam a2200181Ia 4500
001 23157
005 20260414150919.0
008 260414t2016||||xx |||||||||||||| ||spa||
041 _aESP
082 _a624.2
_bJ92
100 _aJurado Cabañes, Carlos
_eAUT
245 0 _aPuentes (I) :
_bevolución - tipología - normativa - cálculo
260 _c2016
300 _a618 páginas :
_c30 cm.
650 _a0
654 _aCIC
942 _cLIB
_dJUS
_fJUS
_2ddc
_n
999 _c23157
_d23157